<?xml version="1.0" encoding="UTF-8"?>
<record
    xmlns:xsi="http://www.w3.org/2001/XMLSchema-instance"
    xsi:schemaLocation="http://www.loc.gov/MARC21/slim http://www.loc.gov/standards/marcxml/schema/MARC21slim.xsd"
    xmlns="http://www.loc.gov/MARC21/slim">

  <leader>01864nam a2200253 a 4500</leader>
  <controlfield tag="005">20160209020003.0</controlfield>
  <controlfield tag="008">140124b2005    ck ||||| |||| 00| 0 spa d</controlfield>
  <datafield tag="040" ind1=" " ind2=" ">
    <subfield code="c">CO-BoIH</subfield>
  </datafield>
  <datafield tag="041" ind1=" " ind2=" ">
    <subfield code="a">spa</subfield>
  </datafield>
  <datafield tag="044" ind1=" " ind2=" ">
    <subfield code="a">ck</subfield>
  </datafield>
  <datafield tag="090" ind1=" " ind2=" ">
    <subfield code="a">IAVH</subfield>
    <subfield code="b">00467</subfield>
  </datafield>
  <datafield tag="100" ind1=" " ind2=" ">
    <subfield code="a">Pedraza P., Carlos A.</subfield>
    <subfield code="9">5058</subfield>
  </datafield>
  <datafield tag="245" ind1=" " ind2=" ">
    <subfield code="a">Estimando la diversidad gen&#xE9;tica de dos poblaciones de Danta de Monta&#xF1;a (Tapirus pinchaque, 1829) en los Andes colombianos</subfield>
  </datafield>
  <datafield tag="260" ind1=" " ind2=" ">
    <subfield code="a">s.l.</subfield>
    <subfield code="b">Instituto Alexander von Humboldt</subfield>
    <subfield code="c">2005</subfield>
  </datafield>
  <datafield tag="300" ind1=" " ind2=" ">
    <subfield code="a">21 p.</subfield>
  </datafield>
  <datafield tag="520" ind1=" " ind2=" ">
    <subfield code="a">Este proyecto tiene como prop&#xF3;sito contribuir con metodolog&#xED;as que permitir&#xE1;n llenar vac&#xED;os con relaci&#xF3;n al estado de dos poblaciones de T. pinchaque, midiendo la diversidad gen&#xE9;tica y estimando el h&#xE1;bitat id&#xF3;neo de las poblaciones colombianas de la especie mediente t&#xE9;cnicas no invasivas para el levantamiento de la informaci&#xF3;n en campo. En cuanto a su distribuci&#xF3;n, se presentan m&#xE9;todos multivariados, que permiten ingresar n-variables medioambientales, integrando soportes estad&#xED;stico. sin dejar de lado el criterio de investigador. Esta primera aproximaci&#xF3;n al conocimiento de la estructura gen&#xE9;tica de las poblaciones de la especie es una nueva propuesta para el estudio y monitoreo de las poblaciones remanentes en toda su zona de distribuci&#xF3;n. Los m&#xE9;todos de recolecci&#xF3;n, extracci&#xF3;n y an&#xE1;lisis de informaci&#xF3;n gen&#xE9;tica aqu&#xED; empleados son una herramienta al alcance de todos los investigadores interesados en el uso de t&#xE9;cnicas no invasivas para el estudio de poblaciones de mam&#xED;feros poco conspicuos, como la danta de monta&#xF1;a</subfield>
  </datafield>
  <datafield tag="650" ind1=" " ind2=" ">
    <subfield code="a">Diversidad gen&#xE9;tica </subfield>
    <subfield code="9">2003</subfield>
  </datafield>
  <datafield tag="650" ind1=" " ind2=" ">
    <subfield code="a">Danta de monta&#xF1;a </subfield>
    <subfield code="9">5059</subfield>
  </datafield>
  <datafield tag="650" ind1=" " ind2=" ">
    <subfield code="a">Distribuci&#xF3;n </subfield>
    <subfield code="9">30953</subfield>
  </datafield>
  <datafield tag="650" ind1=" " ind2=" ">
    <subfield code="a">Vigilancia de poblaciones remanantes </subfield>
    <subfield code="9">5060</subfield>
  </datafield>
  <datafield tag="650" ind1=" " ind2=" ">
    <subfield code="a">T&#xE9;cnicas de estudio no invasivas</subfield>
    <subfield code="9">5061</subfield>
  </datafield>
  <datafield tag="942" ind1=" " ind2=" ">
    <subfield code="c">INFORME</subfield>
    <subfield code="2">z</subfield>
    <subfield code="0">3</subfield>
  </datafield>
  <datafield tag="945" ind1=" " ind2=" ">
    <subfield code="d">2005-12-05</subfield>
  </datafield>
  <datafield tag="999" ind1=" " ind2=" ">
    <subfield code="c">4926</subfield>
    <subfield code="d">4926</subfield>
  </datafield>
  <datafield tag="952" ind1=" " ind2=" ">
    <subfield code="0">0</subfield>
    <subfield code="1">0</subfield>
    <subfield code="2">z</subfield>
    <subfield code="4">0</subfield>
    <subfield code="7">0</subfield>
    <subfield code="8">HUMBOLDT</subfield>
    <subfield code="I">INV2017</subfield>
    <subfield code="a">Bogota</subfield>
    <subfield code="b">Bogota</subfield>
    <subfield code="d">2005-12-05</subfield>
    <subfield code="e">CID Humboldt</subfield>
    <subfield code="l">3</subfield>
    <subfield code="o">IAVH-00467</subfield>
    <subfield code="p">022508</subfield>
    <subfield code="r">2024-08-09 00:00:00</subfield>
    <subfield code="s">2016-02-08</subfield>
    <subfield code="t">Ej. 1</subfield>
    <subfield code="w">2012-12-04</subfield>
    <subfield code="x">Dep&#xF3;sito Institucional</subfield>
    <subfield code="y">INFORME</subfield>
  </datafield>
</record>
